01593nam a2200265 a 450000100060000000300090000600800410001502000150005604000280007108200180009910000790011724500520019626000470024830000090029550503420030459001360064665000260078265000380080865000400084694200120088699900170089895201530091595201260106895201330119420476CO-ViMGA141112s2004 ck r 000 u spa d a9589181384 aCO-ViMGAbspacCO-ViMGA04a610.696 P517h1 aPlata Rueda, Ernesto; Leal Quevedo, Francisco; Mendoza - Vega, Juan92957910aPlata Rueda : bHacia una medicina más humana aBogotá : bMedica panAméricana, c1997 a302p aDeshumanización de la medicina 23 - - La problemática especial de la ética obstetrica 71 - - Necesidad de una pediatría más humana 93 - - La atención a los pacientes con sufrimiento emocional 179 - - Morir con dignidad 223 - - Ciencia y humanismo en enfermería 247 - - Los derechos del enfermo y la educación medica 193  aForma de adquisición : Compra fact.0534 - - Precio : 38000 - - Proveedor : Temas y libros - - Fecha de adquisición : Marzo 200614aética MEDICA92204014aMEDICINA SOCIAL - COLOMBIA92958014aMeDICO Y PACIENTE - COLOMBIA929581 2ddccBK c29470d29470 00102ddc40708002aMEVIECARbMEVIECARd2015-12-04hVolumen. 1 | 11/jun/2009l0o610.696 P517h p20476r2015-12-04 00:00:00tEj. 1w2015-12-04yBK 00102ddc40708002aMEVIECARbMEVIECARd2016-09-02l0o610.696 P517hp30521r2016-09-02 00:00:00tEj. 2w2016-09-02yBK 00102ddc40708GENaMELEJANIbMELEJANIcGENd2025-10-29l0o610.696 P517hpLEJ01289r2025-10-29 19:51:18tEj.1w2025-10-29yBK